[Event "Ljubljana Open"]
[Site "Ljubljana"]
[Date "1995.??.??"]
[Round "8"]
[White "Fucak, Emilijo"]
[Black "Jazbinsek, Sebastjan"]
[Result "1/2-1/2"]
[WhiteElo "2275"]
[BlackElo "2210"]
[PlyCount "60"]
[EventDate "1995.06.??"]
[Source "www.chesslib.no"]
[SourceDate "2004.05.04"]

1. c4 Nf6 2. Nc3 e6 3. Nf3 b6 4. g3 Bb7 5. Bg2 g6 6. O-O Bg7 7. d4 O-O 8. Bf4 d6 9. Qd2 Nbd7 10. Bh6 Qe7 11. Rfd1 Ne4 12. Nxe4 Bxe4 13. Rac1 Rad8 14. b4 f5 15. Bxg7 Kxg7 16. Ne1 Bxg2 17. Kxg2 e5 18. dxe5 dxe5 19. Qc3 Qf6 20. Nd3 c6 21. c5 b5 22. f4 Rfe8 23. fxe5 Nxe5 24. Nxe5 Rxd1 25. Rxd1 Rxe5 26. Rd7+ Kf8 27. Qd2 Qe6 28. Kf1 Rxe2 29. Qd3 Re1+ 30. Kf2 Re2+ 1/2-1/2

[Event "Corr"]
[Site "?"]
[Date "2001.10.20"]
[Round "?"]
[White "Richard Phil"]
[Black "Balabaev Farit"]
[Result "0-1"]
[WhiteElo "2100"]
[BlackElo "2349"]
[PlyCount "64"]
[EventDate "2001.??.??"]
[Source "www.chesslib.no"]
[SourceDate "2004.05.04"]

1. c4 Nf6 2. Nc3 e6 3. Nf3 b6 4. e4 Bb7 5. d3 d6 6. g3 Be7 7. Bg2 c5 8. O-O Nc6 9. d4 cxd4 10. Nxd4 Nxd4 11. Qxd4 O-O 12. b3 a6 13. Rd1 Qc7 14. a3 Rab8 15. Bb2 Qc5 16. Qd3 Rfd8 17. Rd2 Qh5 18. f4 Rbc8 19. Bf3 Qc5+ 20. Kh1 Qc7 21. Rad1 Nd7 22. Qe3 h6 23. Qd4 Bf8 24. Qd3 Nc5 25. Qc2 f5 26. a4 fxe4 27. Nxe4 b5 28. axb5 axb5 29. Kg1 bxc4 30. bxc4 e5 31. Bg2 Nxe4 32. Bxe4 Bxe4 0-1

[Event "Gyongyos Open"]
[Site "Gyongyos"]
[Date "1995.??.??"]
[Round "?"]
[White "Volodin, Alexey"]
[Black "Merenyi, Gabor"]
[Result "1-0"]
[WhiteElo "2325"]
[BlackElo "2090"]
[PlyCount "65"]
[EventDate "1995.??.??"]
[Source "www.chesslib.no"]
[SourceDate "2004.05.04"]

1. c4 Nf6 2. Nc3 e6 3. Nf3 b6 4. e4 Bb7 5. Bd3 d5 6. cxd5 exd5 7. e5 Ne4 8. O-O Nd7 9. Re1 Ndc5 10. Bc2 Be7 11. d4 Nxc3 12. bxc3 Ne6 13. Be3 Qd7 14. Nd2 g5 15. Bf5 h5 16. f4 gxf4 17. Bxf4 O-O-O 18. Be3 Kb8 19. Rf1 Rdg8 20. Bh3 Rg7 21. Rf5 h4 22. Qf3 Ba3 23. Rf1 Rhh7 24. Rh5 Qc6 25. Nb1 Be7 26. Bf5 Rxh5 27. Qxh5 Nd8 28. Qh8 Ba6 29. Qxg7 Bxf1 30. Kxf1 Qc4+ 31. Kf2 Qxa2+ 32. Nd2 a5 33. e6 1-0

[Event "URS Spartakiad"]
[Site "URS"]
[Date "1979.??.??"]
[Round "?"]
[White "Nei, Iivo"]
[Black "Kaiumov, Dmitry D"]
[Result "1/2-1/2"]
[WhiteElo "2200"]
[BlackElo "2200"]
[PlyCount "58"]
[EventDate "1979.??.??"]
[Source "ChessBase"]

1. c4 Nf6 2. Nc3 e6 3. Nf3 b6 4. e4 Bb7 5. Bd3 c5 6. Bc2 Nc6 7. O-O Nd4 8. Re1 Nxc2 9. Qxc2 Be7 10. d4 cxd4 11. Nxd4 O-O 12. Bg5 Rc8 13. b3 d5 14. exd5 Nxd5 15. Bxe7 Nxe7 16. Rad1 Qc7 17. Ndb5 Qc6 18. Qe4 Rcd8 19. Qxc6 Nxc6 20. Ne4 a6 21. Nbd6 Ba8 22. c5 bxc5 23. Nxc5 Nb4 24. Nc4 Nxa2 25. Nxa6 Nc3 26. Rc1 Nd5 27. Rcd1 Nc3 28. Rc1 Nd5 29. Rcd1 Nc3 1/2-1/2

[Event "ETCC w"]
[Site "Crete GRE"]
[Date "2007.11.01"]
[Round "5"]
[White "Bashkite, V."]
[Black "Ozturk, K."]
[Result "1-0"]
[WhiteElo "2193"]
[BlackElo "2174"]
[PlyCount "33"]
[EventDate "2007.10.28"]
[Source "www.chesslib.no"]
[SourceDate "2004.05.04"]

1. c4 Nf6 2. Nc3 e6 3. Nf3 b6 4. e4 d5 5. cxd5 exd5 6. e5 Ng4 7. d4 c5 8. h3 cxd4 9. Bb5+ Bd7 10. Qxd4 Nh6 11. Bxh6 Bc5 12. Bxd7+ Nxd7 13. Qxd5 gxh6 14. O-O-O Qc8 15. Rhe1 Bb4 16. e6 Nf6 17. Qb5+ 1-0

[Event "IV Amateur Open"]
[Site "Calvia ESP"]
[Date "2007.10.12"]
[Round "7"]
[White "Chasovnikova, E."]
[Black "Skorna, U."]
[Result "1-0"]
[WhiteElo "2197"]
[BlackElo "2130"]
[PlyCount "99"]
[EventDate "2007.10.06"]
[Source "www.chesslib.no"]
[SourceDate "2004.05.04"]

1. c4 Nf6 2. Nc3 e6 3. Nf3 b6 4. e4 Bb7 5. Bd3 d5 6. cxd5 exd5 7. e5 Ne4 8. Bc2 Be7 9. O-O O-O 10. d4 Nd7 11. Re1 f5 12. Bb3 Nxc3 13. bxc3 c5 14. c4 Nb8 15. dxc5 dxc4 16. Bxc4+ Kh8 17. Qxd8 Rxd8 18. Bg5 Bxf3 19. Bxe7 Rd4 20. gxf3 Rxc4 21. Rac1 Rxc1 22. Rxc1 bxc5 23. Rxc5 Nd7 24. Ra5 Kg8 25. f4 Kf7 26. Bc5 a6 27. Be3 Ke6 28. h4 h6 29. h5 Nf8 30. Rc5 Kd7 31. Rd5+ Kc6 32. Rd6+ Kb5 33. Rb6+ Kc4 34. Kg2 a5 35. a4 Re8 36. Rb5 Rd8 37. Rxa5 Kb4 38. Ra6 Re8 39. Ra7 g6 40. hxg6 Nxg6 41. Bd2+ Kc4 42. Rh7 Rg8 43. Kf1 Kd3 44. Be3 Nh4 45. Rxh6 Nf3 46. Rd6+ Ke4 47. Ke2 Rg1 48. Rd1 Rg6 49. Rb1 Ng1+ 50. Rxg1 1-0

[Event "Caorle Open"]
[Site "Caorle ITA"]
[Date "1989.??.??"]
[Round "4"]
[White "Cassai, Paolo"]
[Black "Lazic, Marina"]
[Result "1/2-1/2"]
[WhiteElo "2115"]
[BlackElo "2135"]
[PlyCount "143"]
[EventDate "1989.07.??"]
[Source "www.chesslib.no"]
[SourceDate "2004.05.04"]

1. c4 Nf6 2. Nc3 e6 3. Nf3 b6 4. g3 Bb7 5. Bg2 Bb4 6. O-O O-O 7. Qc2 Bxc3 8. Qxc3 c5 9. d4 Qe7 10. dxc5 Qxc5 11. b4 Qc8 12. Bb2 d5 13. c5 Ba6 14. Rfe1 bxc5 15. bxc5 Nbd7 16. Rac1 Rb8 17. Qa3 Bc4 18. Nd2 Qxc5 19. Nxc4 dxc4 20. Qxc5 Nxc5 21. Bd4 Nce4 22. Rxc4 a5 23. f3 Nd6 24. Ra4 Rb4 25. Rxb4 axb4 26. Bc5 Rd8 27. Rd1 Nb7 28. Rxd8+ Nxd8 29. Bxb4 Nd5 30. Bd2 Nc6 31. f4 Kf8 32. a4 Ke7 33. a5 Kd7 34. a6 Nc7 35. Bc3 f6 36. Be4 h6 37. f5 exf5 38. Bxf5+ Kd6 39. Bd3 Kc5 40. Bd2 Kd4 41. Be1 Ne5 42. Bf2+ Kc3 43. Be1+ Kd4 44. Ba5 Na8 45. Bb5 Kc5 46. Be8 Nc4 47. Bd8 Ne5 48. Be7+ Kb6 49. Bf8 Nc7 50. Ba4 Ne6 51. a7 Kxa7 52. Be7 Kb6 53. Bb3 Nd4 54. Bd1 Nf5 55. Bf8 Nd7 56. Ba3 Ne3 57. Bb3 Nc5 58. Bf7 Kc6 59. Bh5 Nc4 60. Be8+ Kd5 61. Bf7+ Kd4 62. Bxc4 Kxc4 63. Kf2 Kd5 64. Kf3 Ne6 65. e4+ Ke5 66. Bb2+ Kd6 67. h4 h5 68. Ke3 Ke7 69. Ba3+ Kf7 70. Bd6 Nd8 71. Kd4 Ke6 72. Bf8 1/2-1/2

[Event "Capo d'Orso Open 2008"]
[Site "Porto Mannu ITA"]
[Date "2008.05.19"]
[Round "3.29"]
[White "Molina, Fabrizio"]
[Black "Marshall, Michael"]
[Result "1-0"]
[WhiteElo "2313"]
[BlackElo "1910"]
[PlyCount "51"]
[EventDate "2008.05.17"]
[Source "www.chesslib.no"]
[SourceDate "2004.05.04"]

1. c4 Nf6 2. Nc3 e6 3. Nf3 b6 4. g3 Bb7 5. Bg2 d6 6. O-O Be7 7. Qc2 O-O 8. b3 c5 9. Bb2 Nbd7 10. Rfe1 Qc7 11. Rad1 Rad8 12. d4 Rfe8 13. e4 cxd4 14. Nxd4 a6 15. Qe2 Nb8 16. f4 Nc6 17. Nc2 Nd7 18. Rd2 Nf6 19. Red1 Rf8 20. Ne3 Bc8 21. Kh1 Bb7 22. Bf3 Qb8 23. Qg2 Rd7 24. e5 Nxe5 25. fxe5 Bxf3 26. Qxf3 1-0

[Event "FRA Team Ch"]
[Site "France"]
[Date "1989.??.??"]
[Round "?"]
[White "Wavresky, Pierre"]
[Black "Tixier, D."]
[Result "1/2-1/2"]
[WhiteElo "2060"]
[BlackElo "2140"]
[PlyCount "88"]
[EventDate "1989.??.??"]
[Source "www.chesslib.no"]
[SourceDate "2004.05.04"]

1. c4 Nf6 2. Nc3 e6 3. Nf3 b6 4. g3 Bb7 5. Bg2 Be7 6. O-O O-O 7. Qc2 c5 8. e4 Nc6 9. Rd1 Nd4 10. Nxd4 cxd4 11. Ne2 e5 12. d3 Rc8 13. f4 d6 14. h3 Nd7 15. g4 Bh4 16. Rf1 g6 17. fxe5 dxe5 18. Bh6 Re8 19. Qd2 Rc6 20. g5 Nc5 21. b4 Ne6 22. b5 Rd6 23. Rf6 Nc5 24. Rf3 Bxe4 25. dxe4 Nxe4 26. Qb4 Bxg5 27. Bxg5 Nxg5 28. Ra3 d3 29. Nc3 Rd4 30. Nd5 Nxh3+ 31. Bxh3 Qxd5 32. cxd5 Rxb4 33. Rxd3 f5 34. d6 Rxb5 35. d7 Rd8 36. Rc1 Kf8 37. Rd2 Ke7 38. Bf1 Ra5 39. Rc7 e4 40. Bc4 Rc5 41. Rxc5 bxc5 42. Bb5 Ke6 43. Bc6 h5 44. Rg2 f4 1/2-1/2

[Event "Tch (Men) 2005/2006 GER"]
[Site "?"]
[Date "2006.01.15"]
[Round "5.4"]
[White "Binder Karl Heinz"]
[Black "Kraenzle Harald"]
[Result "0-1"]
[WhiteElo "2038"]
[BlackElo "2150"]
[PlyCount "76"]
[EventDate "2006.??.??"]
[Source "www.chesslib.no"]
[SourceDate "2004.05.04"]

1. c4 Nf6 2. Nc3 e6 3. Nf3 b6 4. g3 Bb7 5. Bg2 Bb4 6. Qc2 O-O 7. O-O Bxc3 8. Qxc3 Ne4 9. Qc2 f5 10. d3 Nf6 11. a3 d6 12. b4 Nbd7 13. Nd4 Bxg2 14. Kxg2 Qe7 15. Nc6 Qf7 16. d4 e5 17. dxe5 dxe5 18. Bb2 Rae8 19. Nxa7 f4 20. f3 fxg3 21. hxg3 e4 22. Nb5 Qg6 23. fxe4 Nh5 24. Qd3 Rxe4 25. Rxf8+ Nxf8 26. Rf1 Nxg3 27. Qd5+ Re6 28. Rf3 Nxe2+ 29. Kh2 Qg1+ 30. Kh3 Qh1+ 31. Kg4 Qg2+ 32. Kh5 g6+ 33. Kh4 Qh2+ 34. Kg4 Qg2+ 35. Kh4 g5+ 36. Kh5 Nf4+ 37. Rxf4 Qh3+ 38. Kxg5 h6# 0-1

[Event "Vila Real (Portugal)"]
[Site "?"]
[Date "2005.08.06"]
[Round "4"]
[White "Barata Pedro"]
[Black "Baptista Ana Filipa"]
[Result "0-1"]
[WhiteElo "2158"]
[BlackElo "2025"]
[PlyCount "164"]
[EventDate "2005.??.??"]
[Source "www.chesslib.no"]
[SourceDate "2004.05.04"]

1. c4 Nf6 2. Nc3 e6 3. Nf3 b6 4. g3 Bb7 5. Bg2 Bb4 6. O-O O-O 7. d3 Bxc3 8. bxc3 d6 9. e4 Nbd7 10. Nd4 e5 11. Nf5 Nc5 12. Qd2 Ne8 13. f4 f6 14. Ne3 Qd7 15. f5 Rd8 16. Qe2 c6 17. g4 Nc7 18. d4 N5a6 19. Ba3 Rfe8 20. c5 dxc5 21. dxc5 Qd3 22. Qxd3 Rxd3 23. cxb6 Nb5 24. Bc1 axb6 25. Nc4 Nxc3 26. Nxb6 Nb4 27. Bb2 Ne2+ 28. Kh1 Rd2 29. Ba3 Nc2 30. Bc1 Nxc1 31. Raxc1 Ne3 32. Rg1 Nxg4 33. Rge1 Rxa2 34. Rb1 Rd8 35. h3 Nf2+ 36. Kg1 Ba6 37. Ra1 Rxa1 38. Rxa1 Rd1+ 39. Rxd1 Nxd1 40. Bf3 Nc3 41. Kf2 Kf7 42. Ke3 Ke7 43. Kd2 Nb5 44. Be2 Bb7 45. Bc4 Nd6 46. Bd3 g6 47. fxg6 hxg6 48. Na4 Bc8 49. h4 Kf7 50. Ke3 Kg7 51. Be2 Ne8 52. Nc5 Nc7 53. Nd3 Ba6 54. Bd1 Ne6 55. Nb4 Bb5 56. Bg4 Nf4 57. Bf3 Kf7 58. Kd2 Ke6 59. Kc3 Kd6 60. Nc2 Be2 61. Bh1 Nh3 62. Bg2 Nf2 63. Ne1 Kc5 64. Kd2 Bh5 65. Nc2 Nd1 66. Bf1 Bf3 67. Ne1 Bh5 68. Nc2 Nb2 69. Kc3 Na4+ 70. Kd2 Nb6 71. Kc3 Bf3 72. Bd3 Nc8 73. Kd2 Nd6 74. Ke3 Bd1 75. Na3 Kb4 76. Nb1 c5 77. Kd2 Ba4 78. Nc3 Bc6 79. Kc2 c4 80. Bf1 Nxe4 81. Nd1 Ng3 82. Bh3 Ba4+ 0-1

[Event "BL 0203 (Women)"]
[Site "?"]
[Date "2003.02.15"]
[Round "8.5"]
[White "Fey Franziska"]
[Black "Beltz Martina"]
[Result "0-1"]
[WhiteElo "2036"]
[BlackElo "2137"]
[PlyCount "80"]
[EventDate "2003.??.??"]
[Source "www.chesslib.no"]
[SourceDate "2004.05.04"]

1. c4 Nf6 2. Nc3 e6 3. Nf3 b6 4. g3 Bb7 5. Bg2 Be7 6. O-O O-O 7. Qc2 c5 8. e4 d6 9. d4 cxd4 10. Nxd4 Qc7 11. b3 Nbd7 12. Ncb5 Qb8 13. a4 a6 14. Na3 Qc7 15. Re1 Rac8 16. Bb2 Qb8 17. b4 Qa8 18. Bc3 Rc7 19. f4 Rfc8 20. Qd3 Bf8 21. Bd2 h6 22. Nb3 d5 23. cxd5 exd5 24. e5 Ne4 25. Rac1 Rxc1 26. Rxc1 Nxd2 27. Qxd2 Rxc1+ 28. Nxc1 a5 29. Nc2 axb4 30. Nxb4 Bc5+ 31. Kf1 Qxa4 32. Nbd3 Qc4 33. Ke1 Ba3 34. Ne2 Ba6 35. Nec1 Qd4 36. Kd1 Bc4 37. Ne1 Qc5 38. Nc2 Qg1+ 39. Ne1 Nc5 40. Ne2 Bb3+ 0-1

[Event "SVK-ch"]
[Site "?"]
[Date "1998.07.03"]
[Round "7.39"]
[White "Krupik Jozef"]
[Black "Korbela Lubomir"]
[Result "1-0"]
[WhiteElo "1912"]
[BlackElo "2205"]
[PlyCount "73"]
[EventDate "1998.??.??"]
[Source "www.chesslib.no"]
[SourceDate "2004.05.04"]

1. c4 Nf6 2. Nc3 e6 3. Nf3 b6 4. g3 Bb7 5. Bg2 Be7 6. O-O O-O 7. d3 c5 8. e3 d6 9. Qe2 Nbd7 10. b3 Re8 11. Bb2 a6 12. Rfe1 Qc7 13. Rad1 Rad8 14. d4 Ne4 15. d5 Nxc3 16. Bxc3 exd5 17. cxd5 Bf6 18. Qc2 Bxc3 19. Qxc3 Nf6 20. Nh4 Bc8 21. Qd3 Qe7 22. a4 Qd7 23. f4 b5 24. e4 bxa4 25. e5 Ng4 26. e6 fxe6 27. dxe6 Qb5 28. Qf5 Nf6 29. bxa4 Qxa4 30. Bd5 Re7 31. Qg5 h6 32. Qg6 Nxd5 33. Rxd5 Qe8 34. Nf5 Bb7 35. Nxh6+ Kh8 36. Nf7+ Rxf7 37. Rh5+ 1-0

[Event "otb"]
[Site "otb"]
[Date "2007.04.07"]
[Round "8"]
[White "Heikkila Antti"]
[Black "Juez Villar E"]
[Result "1-0"]
[WhiteElo "2070"]
[BlackElo "1782"]
[PlyCount "33"]
[Source "www.chesslib.no"]
[SourceDate "2004.05.04"]

1. c4 Nf6 2. Nc3 e6 3. Nf3 b6 4. e3 Bb7 5. Be2 Be7 6. O-O O-O 7. d4 d5 8. cxd5 Nxd5 9. Bd2 c5 10. Nxd5 Bxd5 11. dxc5 Bxc5 12. Bc3 Nd7 13. Qa4 Be7 14. Rfd1 Qc7 15. Rac1 Rfc8 16. Ba6 Nc5 17. Qg4 1-0

[Event "33.Gold-Cup Meran op 2005"]
[Site "?"]
[Date "2005.04.15"]
[Round "7"]
[White "Hoener Michael"]
[Black "Opitz Christian"]
[Result "0-1"]
[WhiteElo "1473"]
[BlackElo "1902"]
[PlyCount "66"]
[EventDate "2005.??.??"]
[Source "www.chesslib.no"]
[SourceDate "2004.05.04"]

1. c4 Nf6 2. Nc3 e6 3. Nf3 b6 4. g3 Bb7 5. Bg2 d6 6. O-O Nbd7 7. d4 g6 8. b3 Bg7 9. Bb2 O-O 10. Rc1 Re8 11. Qc2 e5 12. e3 Rb8 13. Rfe1 Nh5 14. e4 exd4 15. Nd5 c5 16. Rcd1 Nhf6 17. Ba1 Nxd5 18. exd5 Qf6 19. Qd2 Ne5 20. Qe2 Bc8 21. Nxe5 Rxe5 22. Qf3 Qe7 23. Kf1 Bd7 24. Rxe5 dxe5 25. Qe2 Re8 26. Re1 f5 27. f3 Qd6 28. Qd3 Rb8 29. Rb1 b5 30. Kf2 Qb6 31. Rc1 bxc4 32. Qxc4 Bf8 33. Bb2 Bb5 0-1

[Event "05sen.Europa-EM2005"]
[Site "?"]
[Date "2005.??.??"]
[Round "5"]
[White "Schmieder Wolfgang"]
[Black "Lapitzkaya Galina"]
[Result "1-0"]
[WhiteElo "1670"]
[BlackElo "1543"]
[PlyCount "97"]
[EventDate "2005.??.??"]
[Source "www.chesslib.no"]
[SourceDate "2004.05.04"]

1. c4 Nf6 2. Nc3 e6 3. Nf3 b6 4. g3 Bb7 5. Bg2 Bb4 6. Qc2 Bxc3 7. Qxc3 O-O 8. O-O c5 9. b3 d5 10. cxd5 Nxd5 11. Qb2 Nd7 12. d3 Qf6 13. Qxf6 N5xf6 14. Bb2 h6 15. Rac1 g5 16. Rc2 g4 17. Ne5 Bxg2 18. Kxg2 Nxe5 19. Bxe5 Nd7 20. Bb2 f5 21. Rfc1 h5 22. d4 f4 23. dxc5 f3+ 24. exf3 gxf3+ 25. Kg1 Nxc5 26. Rc3 Rad8 27. Ba3 Rf5 28. Bxc5 bxc5 29. Re3 e5 30. Kf1 Rd2 31. a4 Rb2 32. Ke1 e4 33. Rxe4 Rd5 34. Re3 Rdd2 35. Rxf3 Rdc2 36. Rxc2 Rxc2 37. Kd1 Rb2 38. Ke1 Kg7 39. Kf1 Kg6 40. Kg2 Rd2 41. Rc3 Rd5 42. Kf3 Rf5+ 43. Ke2 Kg5 44. h3 Rd5 45. f4+ Kf5 46. Kf3 Ke6 47. g4 hxg4+ 48. hxg4 Kd6 49. Ke3 1-0

[Event "Naumburg/Saale(20.10.-03.11.)"]
[Site "?"]
[Date "2002.10.28"]
[Round "6"]
[White "Schumacher Ursula"]
[Black "Barlo Werner"]
[Result "1/2-1/2"]
[WhiteElo "1528"]
[BlackElo "1675"]
[PlyCount "175"]
[EventDate "2002.??.??"]
[Source "www.chesslib.no"]
[SourceDate "2004.05.04"]

1. c4 Nf6 2. Nc3 e6 3. Nf3 b6 4. g3 Ba6 5. b3 d5 6. cxd5 exd5 7. Qc2 Bd6 8. Bg2 O-O 9. O-O Re8 10. Re1 c6 11. Bb2 Nbd7 12. d3 Rc8 13. e4 dxe4 14. dxe4 Ne5 15. Nxe5 Bxe5 16. Rad1 Qe7 17. Bh3 Rcd8 18. Rxd8 Rxd8 19. Bg2 Bd3 20. Qc1 h6 21. Na4 c5 22. Bxe5 Qxe5 23. Qc3 Qd4 24. Qxd4 cxd4 25. Nb2 Ba6 26. Rd1 Be2 27. Rd2 Ba6 28. h3 Kf8 29. e5 Ng8 30. f4 Ne7 31. Kf2 Nf5 32. Be4 Ne3 33. g4 Ke7 34. Nd3 f6 35. exf6+ Kxf6 36. Nb4 Bb5 37. a4 Be8 38. Nc6 Bxc6 39. Bxc6 Rd6 40. Bf3 a5 41. Be2 g5 42. Kf3 gxf4 43. Kxf4 Nd5+ 44. Kg3 Ke5 45. h4 Nc3 46. Kf3 Rf6+ 47. Kg2 Ke4 48. Ba6 Rf4 49. Kg3 Rf3+ 50. Kg2 Re3 51. g5 hxg5 52. h5 Kd5 53. h6 Re6 54. Bc4+ Ke5 55. Bxe6 Kf6 56. h7 Kg7 57. Bf5 Nd5 58. Rxd4 Ne3+ 59. Kf3 Nxf5 60. Rd5 Nh4+ 61. Kg4 Kxh7 62. Rxg5 Ng6 63. Rb5 Kg7 64. Kg5 Kf7 65. Rxb6 Ne5 66. Kf5 Nd3 67. Rb7+ Ke8 68. Rb5 Nc1 69. Ke6 Kd8 70. Kd6 Ke8 71. Kc7 Ke7 72. Kb6 Kd6 73. Kxa5 Na2 74. Ka6 Nc3 75. Rb6+ Kc7 76. a5 Nd5 77. Rh6 Nb4+ 78. Kb5 Nd5 79. Ka4 Nc3+ 80. Kb4 Ne4 81. Kb5 Nc3+ 82. Kc4 Ne2 83. Kb4 Nd4 84. a6 Kb8 85. Rh7 Ne6 86. a7+ Ka8 87. Ka5 Nc7 88. Rxc7 1/2-1/2

[Event "Politiken Cup"]
[Site "?"]
[Date "2003.07.18"]
[Round "5"]
[White "Tuomisto Keijo"]
[Black "Christensen Jens"]
[Result "1-0"]
[WhiteElo "1780"]
[BlackElo "1300"]
[PlyCount "41"]
[EventDate "2003.??.??"]
[Source "www.chesslib.no"]
[SourceDate "2004.05.04"]

1. c4 Nf6 2. Nc3 e6 3. Nf3 b6 4. e4 d6 5. d4 Bb7 6. Bd3 g6 7. Qe2 c5 8. Bg5 cxd4 9. Nb5 e5 10. Bxf6 Qxf6 11. Nc7+ Kd8 12. Nxa8 Bxa8 13. O-O Nd7 14. b4 Bh6 15. a4 Ke7 16. a5 Rc8 17. axb6 axb6 18. Ra7 Ke8 19. Rfa1 Qd8 20. Qa2 Bc6 21. b5 1-0

[Event "Corr"]
[Site "?"]
[Date "1999.06.17"]
[Round "?"]
[White "Arnold Lee"]
[Black "Goodloe Philip"]
[Result "1-0"]
[WhiteElo "1560"]
[BlackElo "1399"]
[PlyCount "39"]
[EventDate "1999.??.??"]
[Source "www.chesslib.no"]
[SourceDate "2004.05.04"]

1. c4 Nf6 2. Nc3 e6 3. Nf3 b6 4. e4 Bc5 5. e5 Ng4 6. d4 Bb4 7. h3 Nxf2 8. Kxf2 c6 9. Bd3 h6 10. Qb3 Qe7 11. Ne4 d5 12. Bd2 Na6 13. cxd5 exd5 14. Bxb4 Nxb4 15. Nd6+ Kd7 16. Qxb4 g6 17. Rac1 Bb7 18. Qa4 Ke6 19. Qc2 a5 20. Bf5+ 1-0